Surveyors acting as Expert Witnesses - draft 5th edition (Record no. 122207)
[ view plain ]
| 000 -LEADER | |
|---|---|
| fixed length control field | 02198nam a22002177a 4500 |
| 005 - DATE AND TIME OF LATEST TRANSACTION | |
| control field | 20250902092925.0 |
| 008 - FIXED-LENGTH DATA ELEMENTS--GENERAL INFORMATION | |
| fixed length control field | 250902e20250826xxk|||||o|||| 00| 0 eng d |
| 041 ## - LANGUAGE CODE | |
| Language code of text/sound track or separate title | eng |
| 110 ## - MAIN ENTRY--CORPORATE NAME | |
| Corporate author | Royal Institution of Chartered Surveyors |
| 245 ## - TITLE STATEMENT | |
| Title | Surveyors acting as Expert Witnesses - draft 5th edition |
| Subtitle | - a consultation |
| 260 ## - PUBLICATION INFORMATION | |
| Place of publication | London, |
| Publisher | Royal Institution of Chartered Surveyors, |
| Date | 26 August 2025 |
| 520 ## - ABSTRACT | |
| Abstract | RICS is updating the Professional Standard for Surveyors Acting as Expert Witnesses as part of our commitment to support high standards in surveying, including the provision of expert witness testimony and the provision of dispute resolution services. Setting high standards for surveyors providing expert witness testimony is clearly in the public interest, with a particular focus on integrity, impartiality and acting within an area of competence or expertise.<br/><br/>This updated RICS professional standard sets out the requirements for members who provide expert evidence in civil proceedings before a wide range of tribunals. It addresses key aspects of delivering such services, including terms of engagement, managing conflicts of interest, fee arrangements, and the preparation of written reports. The standard also clarifies the distinction between the expert witness role and other roles a surveyor may undertake during proceedings.<br/><br/>The standard has been reviewed and updated to reflect current practice. The 4th Edition was published in April 2014, and amended in February 2023. The 4th Edition was applicable to the UK, whereas this 5th Edition is of global application. Consultation opened 26 August 2025 and closes 7 October 2025 |
| 650 ## - KEYWORDS | |
| Keywords | EXPERT WITNESSES |
| 650 ## - KEYWORDS | |
| Keywords | PROFESSIONAL CONDUCT |
| 651 ## - SUBJECT ADDED ENTRY--GEOGRAPHIC NAME | |
| Geographic name | International |
| 690 ## - BROAD SUBJECT | |
| Broad subject | Expert witness |
| 9 (RLIN) | 6239 |
| 710 ## - ADDED CORPORATE NAME | |
| Added corporate author | Royal Institution of Chartered Surveyors |
| 856 ## - ONLINE RESOURCE | |
| Uniform Resource Identifier | <a href="https://consultations.rics.org/surveyorsasexpertwitness/consultationHome">https://consultations.rics.org/surveyorsasexpertwitness/consultationHome</a> |
| Public note | Consultation homepage on RICS iconsult |
| 856 ## - ONLINE RESOURCE | |
| Uniform Resource Identifier | <a href="https://consultations.rics.org/gf2.ti/-/1767042/257116997.1/PDF/-/Surveyors%20acting%20as%20expert%20witnesses_standard_110825_Consultation%20version%20_002_.pdf">https://consultations.rics.org/gf2.ti/-/1767042/257116997.1/PDF/-/Surveyors%20acting%20as%20expert%20witnesses_standard_110825_Consultation%20version%20_002_.pdf</a> |
| Public note | Draft copy of the standard |
| 942 ## - ADDED ENTRY ELEMENTS (KOHA) | |
| Suppress in OPAC | Do not suppress in OPAC |
| Lost status | Damaged status | Not for loan | Current library | Shelving location | Date acquired | Total Checkouts | Full call number | Date last seen | Price effective from | Koha item type |
|---|---|---|---|---|---|---|---|---|---|---|
| Virtual | Online | 02/09/2025 | iConsult | 02/09/2025 | 02/09/2025 | Online material |